Berbakti kepada binatang

Bibliographic Details
Main Author: Muhammad bin Harun
Corporate Author: Title
Format: Book
Published: Selangor : Flo Enterprise , 2006
Series:Siri penglipur lara selasih
Subjects:

MARC

LEADER 00000cam a2200000 7i4500
001 0000000740
005 20151222.0
008 070702
020 |a 9679715221 
020 |a 9679715272(set) 
090 0 0 |a JF   |b CT MAL (887) 
100 0 |a Muhammad bin Harun 
245 1 0 |a Berbakti kepada binatang   |c Muhammad bin Harun 
260 |a Selangor :   |b Flo Enterprise ,   |c 2006 
440 |a Siri penglipur lara selasih 
500 |a Children ages 7-9 years old (orange) 
650 0 |a Classic tales 
650 0 |a Junior fiction   |x Malay   |x Languages 
710 0 |a Title 
999 |a 0000959181   |b Book   |c Children Collection   |e Cawangan Taman Universiti